000 00628nam a22002297a 4500
005 20220712152835.0
008 220712b ||||| |||| 00| 0 eng d
020 _a0705411117
040 _cAloy
041 _aeng
082 _223
_a321
_bTAYP
100 _aPeter Taylor Ed
_948425
245 _aPower of politics
260 _aAmsterdam:
_bTime Life Books
_c1990
300 _a296p.
_bHB
_c30x23cm.
365 _2Political Science
650 _aWorld Politics
_948421
650 _aInternational Relation
_948422
650 _aSovereignty and Territory
_948423
700 _aTAYLOR (Peter) Ed
_948424
942 _2ddc
_cBK
999 _c223713
_d223713